00728nam a22001697a 4500003000900000008004100009020001800050040007100068082001500139100003300154245006600187260002800253300002800281505021700309650001600526650001600542AR-CdUCM190322b ||||| |||| 00| 0 spa d a9972-1-0173-8 aMUNICIPALIDAD PROVINCIAL DEL CUSCOcBIBLIOTECA MUNICIPAL DEL CUSCO a371 /bT78 aTrahtemberg Siederer, León aMitos y realidades de la educación para el tercer milenio / aLima :bBruño,c1968. a239 páginas ;c20 cm. aContenido : Visión de la educación y aportes de la investigación -- Medición de la calidad de la educción - Temas de investigación pedagógica - Educación y valores -- Artes, deportes y valores ... aEducacíon aPedagogía